| 000 | 00486 a2200169 4500 | ||
|---|---|---|---|
| 020 | _a9780141184999 | ||
| 040 |
_aDLC _bDLC |
||
| 082 | _a863,MAR | ||
| 100 |
_aMarquez, Gabriel Garcia _9134437 |
||
| 245 |
_aOne hundred years of solitude / _cGabriel Garcia Marquez |
||
| 260 |
_aUSA _bPenguin Book _c1970 Reprinted 2021 |
||
| 300 | _a422 p. | ||
| 650 |
_aNovel, Macondo _9134438 |
||
| 651 |
_aLatin America _9134439 |
||
| 700 | _4 Gabriel Garcia Marquez | ||
| 942 |
_cFIC _k863,MAR _2ddc |
||
| 999 |
_c617436 _d617436 |
||